000 00464nmm a2200157Ia 4500
008 251105s9999||||xx |||||||||||||||||und||
020 _a9788431540913
041 _aspa
100 _aZugnoni, Maria
245 0 _a2 meses para rebajar el colesterol
264 _a[Madrid, España] :
_bDe Vecchi,
_c[Fecha de publicación no identificada]
300 _a0 páginas
650 _aCooking
856 _uhttps://public.digitaliapublishing.com/a/123262
942 _cCF
999 _c81581
_d81581